000 00415nam a2200157 i 4500
001 89637
003 ES-MaACL
007 t|
008 050111s1912 fr ||||1| fre d
100 1 _aLavisse, Ernest.
_970728
245 1 0 _aEtudes sur l'histoire de Prusse /
_cErnest Lavisse.
250 _a6ème éd.
260 _aParis :
_bHachette et Cie,
_c1912.
300 _a346 p. ;
_c19 cm.
852 _aES-MaACL
_jG-4371
999 _c89637
_d89637